[Event "SR 2. liga A 2011/2012"]
[Site "?"]
[Date "2012.02.26"]
[Round "65.2"]
[White "Sosovicka, Juraj"]
[Black "Seitler, Andrej"]
[Result "1/2-1/2"]
[WhiteElo "2198"]
[BlackElo "2247"]
[PlyCount "98"]
[EventDate "2011.??.??"]
[WhiteTeam "Slovakia"]
[BlackTeam "Slovakia"]
[WhiteTeamCountry "SVK"]
[BlackTeamCountry "SVK"]

1. e4 c6 2. d4 d5 3. exd5 cxd5 4. c4 Nf6 5. Nc3 g6 6. Nf3 Bg7 7. Qb3 O-O 8.
cxd5 Nbd7 9. Bd3 Nb6 10. O-O Nfxd5 11. Re1 e6 12. Bg5 Bf6 13. Bh6 Bg7 14. Bg5
f6 15. Bd2 Re8 16. Ne4 Bf8 17. Rac1 Bd6 18. Bb5 Re7 19. Nc5 Bf4 20. Bxf4 Nxf4
21. g3 Nfd5 22. Rc2 Nc7 23. Bf1 Qd5 24. Qxd5 Nbxd5 25. a3 b6 26. Ne4 Ba6 27.
Bxa6 Nxa6 28. Rec1 Kg7 29. Kf1 Rd8 30. Ke2 Rc7 31. Rxc7+ Naxc7 32. Rc6 Kf7 33.
Rd6 Ke7 34. Rxd8 Kxd8 35. Kd3 Kd7 36. Kc4 Kc6 37. Nfd2 Ne8 38. h3 h6 39. Nf3
Nd6+ 40. Nxd6 Kxd6 41. Nd2 Kc6 42. Ne4 a6 43. Nc3 b5+ 44. Kd3 Nb6 45. b3 a5 46.
Ne4 Nd7 47. Nc3 Nb6 48. Ne4 Nd7 49. Nc3 Nb6 {remis} 1/2-1/2

[Event "SR 2. liga A 2011/2012"]
[Site "?"]
[Date "2012.02.26"]
[Round "65.3"]
[White "Abel, Peter"]
[Black "Oprea, Erik"]
[Result "0-1"]
[WhiteElo "2198"]
[BlackElo "2135"]
[PlyCount "158"]
[EventDate "2011.??.??"]
[WhiteTeam "Slovakia"]
[BlackTeam "Slovakia"]
[WhiteTeamCountry "SVK"]
[BlackTeamCountry "SVK"]

1. c4 d6 2. Nc3 c6 3. Nf3 e5 4. d4 Nd7 5. e4 Qc7 6. Be3 Ngf6 7. h3 Be7 8. Qd2
b6 9. Bd3 Nf8 10. d5 c5 11. O-O Ng6 12. a3 Bd7 13. b4 Nh5 14. Ne2 Qc8 15. Kh2
O-O 16. Nfg1 Nhf4 17. Rac1 Nxd3 18. Qxd3 f5 19. exf5 Bxf5 20. Qd2 Qa6 21. Rc3
Rac8 22. b5 Qb7 23. Ng3 Bd7 24. N1e2 a6 25. a4 axb5 26. axb5 Ra8 27. Ne4 Ra4
28. Bg5 Bxb5 29. Bxe7 Qxe7 30. Qc2 Bd7 31. Rb3 Ra6 32. Qb2 Rfa8 33. N2c3 Nf4
34. Nb5 Bxb5 35. Rxb5 Nd3 36. Qe2 Nb4 37. Qg4 Nc2 38. Rfb1 Nb4 39. Rb3 Rf8 40.
Rf3 Rxf3 41. Qxf3 Qd7 42. Qg4 Qxg4 43. hxg4 Nd3 44. Rb3 Nc1 45. Rf3 b5 46. cxb5
Rb6 47. Ra3 h6 48. Ra8+ Kh7 49. Rd8 Rxb5 50. Rxd6 c4 51. g5 h5 52. Kg3 Ne2+ 53.
Kh4 c3 54. Kxh5 Nf4+ 55. Kg4 Rxd5 56. Rc6 Rd4 57. Kf5 Nxg2 58. g6+ Kh6 59. Rc8
Nh4+ 60. Kxe5 Nf3+ 61. Kf5 Nh4+ 62. Ke5 Nf3+ 63. Kf5 Nh4+ 64. Kf4 Nxg6+ 65. Ke3
Rd7 66. Rxc3 Ne7 67. Rc5 Rd5 68. Rc7 Re5 69. Rb7 Nc8 70. f3 Re6 71. Rd7 Ne7 72.
Kf4 Ng6+ 73. Kf5 Re5+ 74. Kg4 Rxe4+ 75. fxe4 Ne5+ 76. Kf5 Nxd7 77. Ke6 Nc5+ 78.
Kd5 Nxe4 79. Kxe4 Kg5 {0 :} 0-1

[Event "SR 2. liga A 2011/2012"]
[Site "?"]
[Date "2012.02.26"]
[Round "65.4"]
[White "Ochrana, Ladislav"]
[Black "Godula, Martin"]
[Result "1/2-1/2"]
[WhiteElo "2062"]
[BlackElo "2185"]
[PlyCount "49"]
[EventDate "2011.??.??"]
[WhiteTeam "Slovakia"]
[BlackTeam "Slovakia"]
[WhiteTeamCountry "SVK"]
[BlackTeamCountry "SVK"]

1. d4 Nf6 2. c4 g6 3. Nc3 d5 4. cxd5 Nxd5 5. e4 Nxc3 6. bxc3 Bg7 7. Be3 c5 8.
Bb5+ Bd7 9. Bxd7+ Qxd7 10. Ne2 cxd4 11. cxd4 Nc6 12. O-O O-O 13. Rb1 b6 14. Qa4
Rfd8 15. Rfd1 Na5 16. Qxd7 Rxd7 17. Rbc1 Kf8 18. Rd3 Ke8 19. Kf1 e6 20. Rdc3
Bf8 21. Rc8+ Rxc8 22. Rxc8+ Rd8 23. Rc7 Rd7 24. Rc8+ Rd8 25. Rc7 {remis}
1/2-1/2

[Event "SR 2. liga A 2011/2012"]
[Site "?"]
[Date "2012.02.26"]
[Round "65.5"]
[White "Manak, Jozef"]
[Black "Szollos, Ondrej"]
[Result "1-0"]
[WhiteElo "2053"]
[BlackElo "2051"]
[PlyCount "81"]
[EventDate "2011.??.??"]
[WhiteTeam "Slovakia"]
[BlackTeam "Slovakia"]
[WhiteTeamCountry "SVK"]
[BlackTeamCountry "SVK"]

1. Nf3 Nf6 2. g3 d6 3. Bg2 c6 4. O-O e5 5. d3 Be7 6. c4 Bg4 7. Nc3 Qc8 8. Re1
Bh3 9. Bh1 O-O 10. d4 Qc7 11. Qc2 Nbd7 12. e4 Rac8 13. b3 b5 14. Qd3 b4 15. Nd1
Rfe8 16. Bb2 Ng4 17. Nd2 exd4 18. Bxd4 Nge5 19. Qc2 c5 20. Bb2 Nc6 21. f4 Bf6
22. Nf2 Nd4 23. Qd3 Ne2+ 24. Qxe2 Bxb2 25. Nxh3 Bxa1 26. Rxa1 a5 27. Qd3 Nf6
28. Nf2 Rcd8 29. Bf3 h5 30. h3 Kf8 31. Kg2 Re7 32. g4 d5 33. e5 dxc4 34. Qc2
cxb3 35. axb3 Nd5 36. Bxd5 Rxd5 37. Qh7 Ke8 38. Nde4 Kd7 39. Qxg7 Kc6 40. gxh5
Re8 41. Nf6 {: 0} 1-0

[Event "SR 2. liga A 2011/2012"]
[Site "?"]
[Date "2012.02.26"]
[Round "65.6"]
[White "Prikler, Bruno"]
[Black "Manak, Adrian"]
[Result "1-0"]
[WhiteElo "2037"]
[BlackElo "1931"]
[PlyCount "171"]
[EventDate "2011.??.??"]
[WhiteTeam "Slovakia"]
[BlackTeam "Slovakia"]
[WhiteTeamCountry "SVK"]
[BlackTeamCountry "SVK"]

1. c4 c6 2. Nc3 d5 3. cxd5 cxd5 4. d3 d4 5. Ne4 Nf6 6. Nf3 Nc6 7. Nfd2 Nxe4 8.
Nxe4 Bf5 9. g3 Qa5+ 10. Bd2 Qb6 11. Bg2 e5 12. O-O Be7 13. b4 O-O 14. Rb1 a6
15. Qb3 Be6 16. Qb2 Bg4 17. Rfe1 h6 18. a3 Rfc8 19. Rbc1 Nd8 20. h3 Bd7 21. f4
exf4 22. Bxf4 Ne6 23. Bd2 f5 24. Nf2 Bd6 25. e4 Bxg3 26. exf5 Bxf2+ 27. Kxf2
Rf8 28. Re5 Ng5 29. Bxg5 hxg5 30. Rcc5 Rad8 31. Kg1 Bc8 32. Qc1 Qf6 33. Bd5+
Kh8 34. Be6 Rde8 35. Qc4 Bxe6 36. Rxe6 Rxe6 37. Qxe6 Qd8 38. Re5 Qd7 39. Qe7
Qxe7 40. Rxe7 Rxf5 41. Kg2 b5 42. Rd7 Rf4 43. Rd6 g4 44. hxg4 Rxg4+ 45. Kf3 Rh4
46. Rxa6 g5 47. Kg3 Rf4 48. Rd6 Rf1 49. Rxd4 Ra1 50. Kg4 Rxa3 51. Kxg5 Kg7 52.
Rd7+ Kf8 53. Kf6 Ke8 54. Ke6 Rb3 55. Rb7 Rxd3 56. Rb8+ Rd8 57. Rxb5 Ra8 58. Rd5
Ra1 59. b5 Rb1 60. Kd6 Kd8 61. Rh5 Kc8 62. Kc6 Rc1+ 63. Kb6 Rb1 64. Rh8+ Kd7
65. Ka6 Ra1+ 66. Kb7 Rb1 67. b6 Rb2 68. Rh7+ Kd8 69. Rc7 Rb1 70. Ka7 Ra1+ 71.
Kb8 Rb1 72. b7 Ra1 73. Rc4 Ra2 74. Rd4+ Ke7 75. Rd5 Ke6 76. Rc5 Kd7 77. Rc3 Ra1
78. Rd3+ Ke7 79. Rd4 Ra2 80. Kc7 Rc2+ 81. Kb6 Rb2+ 82. Kc6 Rb1 83. Rd5 Rc1+ 84.
Rc5 Rb1 85. Rb5 Rc1+ 86. Kb6 {: 0} 1-0

[Event "SR 2. liga A 2011/2012"]
[Site "?"]
[Date "2012.02.26"]
[Round "65.7"]
[White "Mihalik, Anton"]
[Black "Hricak, Vasil"]
[Result "1-0"]
[WhiteElo "1965"]
[BlackElo "1978"]
[PlyCount "101"]
[EventDate "2011.??.??"]
[WhiteTeam "Slovakia"]
[BlackTeam "Slovakia"]
[WhiteTeamCountry "SVK"]
[BlackTeamCountry "SVK"]

1. c4 e5 2. Nc3 f5 3. g3 Nf6 4. Bg2 Bc5 5. e3 Nc6 6. Nge2 d6 7. d4 Bb4 8. O-O
Bxc3 9. Nxc3 Bd7 10. b3 O-O 11. Ba3 e4 12. f3 Re8 13. fxe4 fxe4 14. Qc2 Ng4 15.
Rae1 Qg5 16. Bxe4 Qh6 17. Bc1 Re7 18. Qg2 Nf6 19. Bf5 Bxf5 20. Rxf5 Qg6 21.
Ref1 h6 22. Nd5 Nxd5 23. Qxd5+ Kh7 24. Rf7 Rae8 25. Rxe7 Rxe7 26. Qf5 Qxf5 27.
Rxf5 Kg6 28. Rf3 Re4 29. Rf4 Rxf4 30. gxf4 Kf5 31. Kf2 Nb4 32. Kf3 Nxa2 33. e4+
Ke6 34. Bd2 b6 35. Kg4 c6 36. h4 a6 37. Kh5 Kf7 38. f5 Kf6 39. Kg4 b5 40. Kf4
b4 41. e5+ Ke7 42. Ke4 a5 43. Kd3 c5 44. exd6+ Kxd6 45. Bf4+ Ke7 46. dxc5 Nc3
47. Be5 Nd1 48. Bxg7 Nf2+ 49. Kd4 Ng4 50. h5 Kf7 51. c6 {: 0} 1-0

[Event "SR 2. liga A 2011/2012"]
[Site "?"]
[Date "2012.02.26"]
[Round "65.8"]
[White "Sosovicka, Matej"]
[Black "Nemsak, Denis"]
[Result "1-0"]
[WhiteElo "1961"]
[BlackElo "1916"]
[PlyCount "33"]
[EventDate "2011.??.??"]
[WhiteTeam "Slovakia"]
[BlackTeam "Slovakia"]
[WhiteTeamCountry "SVK"]
[BlackTeamCountry "SVK"]

1. e4 d5 2. exd5 Nf6 3. d4 Nxd5 4. Nf3 g6 5. c4 Nb6 6. Nc3 Bg7 7. c5 Nd5 8. Bc4
c6 9. O-O O-O 10. Re1 Nxc3 11. bxc3 Nd7 12. Qe2 e5 13. Bg5 Qa5 14. Be7 Re8 15.
Bd6 h6 16. Qd3 b6 17. Qxg6 {:0} 1-0

[Event "SR 2. liga A 2011/2012"]
[Site "?"]
[Date "2012.02.26"]
[Round "66.1"]
[White "Jablonicky, Frantisek"]
[Black "Federic, Jozef"]
[Result "0-1"]
[WhiteElo "2187"]
[BlackElo "2270"]
[PlyCount "114"]
[EventDate "2011.??.??"]
[WhiteTeam "Slovakia"]
[BlackTeam "Slovakia"]
[WhiteTeamCountry "SVK"]
[BlackTeamCountry "SVK"]

1. Nf3 c5 2. c4 Nc6 3. d4 cxd4 4. Nxd4 Nf6 5. Nc3 e6 6. g3 Be7 7. Bg2 O-O 8.
O-O Qa5 9. Nxc6 bxc6 10. Bd2 Qh5 11. e4 Qxd1 12. Rfxd1 e5 13. Bg5 Rb8 14. Bxf6
Bxf6 15. b3 Be7 16. Bh3 Rb7 17. Rd3 Bc5 18. Rad1 d6 19. Bxc8 Rxc8 20. Kg2 g6
21. g4 Rf8 22. Rf1 f5 23. gxf5 gxf5 24. Rg3+ Rg7 25. exf5 Bb4 26. Ne4 d5 27.
Rxg7+ Kxg7 28. Ng3 Kf6 29. f4 e4 30. cxd5 cxd5 31. Rd1 Rd8 32. Nxe4+ Kxf5 33.
Ng3+ Ke6 34. Ne2 Kd6 35. Kf3 Re8 36. Nd4 Bc5 37. Nf5+ Kc6 38. Rd2 Re1 39. Nd4+
Kd6 40. h3 Ra1 41. Nf5+ Ke6 42. Ng7+ Kd6 43. Ne8+ Kc6 44. Nf6 Rf1+ 45. Kg4 Be3
46. Rc2+ Kd6 47. Nxh7 Rxf4+ 48. Kh5 d4 49. Re2 Ke5 50. Ng5 Rf5 51. h4 Kf4 52.
Kg6 Re5 53. Re1 d3 54. Kf6 Bd4 55. Ne6+ Kg3 56. Rg1+ Bxg1 57. Kxe5 d2 0-1

[Event "SR 2. liga A 2011/2012"]
[Site "?"]
[Date "2012.02.26"]
[Round "66.2"]
[White "Dugovic, Branislav"]
[Black "Sekera, Branislav"]
[Result "0-1"]
[WhiteElo "2147"]
[BlackElo "2151"]
[PlyCount "110"]
[EventDate "2011.??.??"]
[WhiteTeam "Slovakia"]
[BlackTeam "Slovakia"]
[WhiteTeamCountry "SVK"]
[BlackTeamCountry "SVK"]

1. Nf3 Nf6 2. b3 d5 3. Bb2 c6 4. g3 Bg4 5. Bg2 Nbd7 6. c4 e6 7. O-O Be7 8. d4
O-O 9. h3 Bxf3 10. exf3 Qb6 11. Qe2 Rfe8 12. Nc3 Rad8 13. f4 Nf8 14. c5 Qc7 15.
b4 Ng6 16. Rfe1 Bf8 17. Bc1 b6 18. Qa6 bxc5 19. bxc5 Rb8 20. Ba3 h5 21. Reb1 h4
22. Bc1 hxg3 23. fxg3 Nh5 24. Qd3 Qa5 25. Bd2 Qa3 26. Bc1 Qa5 27. Bd2 Qc7 28.
Rxb8 Rxb8 29. Qf3 Nf6 30. f5 exf5 31. Rb1 Ne4 32. Rxb8 Qxb8 33. Be1 Qb2 34. Qe2
Qc1 35. Nxe4 fxe4 36. Qd2 Qa3 37. Qa5 Qd3 38. Qc3 Qb1 39. a4 f5 40. Qb4 Qxb4
41. Bxb4 f4 42. gxf4 Nxf4 43. Bf1 Kf7 44. Kf2 Be7 45. Ba6 Bh4+ 46. Ke3 Bg5 47.
h4 Bh6 48. Bc3 Ke7 49. Kf2 Kd7 50. Bd2 Nh3+ 51. Ke1 Ng1 52. Bxh6 gxh6 53. Kf2
Nf3 54. Ke3 Nxh4 55. Bf1 Nf5+ 0-1

[Event "SR 2. liga A 2011/2012"]
[Site "?"]
[Date "2012.02.26"]
[Round "66.3"]
[White "Kozinka, Roman"]
[Black "Mydlarik, Martin"]
[Result "0-1"]
[WhiteElo "2056"]
[BlackElo "2136"]
[PlyCount "52"]
[EventDate "2011.??.??"]
[WhiteTeam "Slovakia"]
[BlackTeam "Slovakia"]
[WhiteTeamCountry "SVK"]
[BlackTeamCountry "SVK"]

1. c4 e5 2. Nc3 Nc6 3. e3 g6 4. d4 d6 5. Nf3 Bg7 6. h3 Nge7 7. d5 Nb8 8. e4 O-O
9. Be3 c5 10. a3 h6 11. Nd2 f5 12. f3 Nd7 13. Bd3 Nf6 14. b4 b6 15. Rb1 Nh5 16.
O-O Nf4 17. Bc2 fxe4 18. fxe4 g5 19. Ba4 a6 20. bxc5 bxc5 21. Qb3 g4 22. hxg4
Neg6 23. g3 Qg5 24. Nd1 Qxg4 25. Bxf4 exf4 26. Qf3 Bd4+ 0-1

[Event "SR 2. liga A 2011/2012"]
[Site "?"]
[Date "2012.02.26"]
[Round "66.4"]
[White "Banasova, Katarina"]
[Black "Kavon, Rastislav"]
[Result "1-0"]
[WhiteElo "2139"]
[BlackElo "1879"]
[PlyCount "51"]
[EventDate "2011.??.??"]
[WhiteTeam "Slovakia"]
[BlackTeam "Slovakia"]
[WhiteTeamCountry "SVK"]
[BlackTeamCountry "SVK"]

1. e4 c5 2. f4 Nc6 3. Nf3 e6 4. Bb5 Nf6 5. Bxc6 dxc6 6. d3 Be7 7. Nc3 O-O 8.
O-O b5 9. Qe1 Ba6 10. Ne5 Qc7 11. a4 b4 12. Nd1 Rfd8 13. b3 Nd7 14. Nxd7 Qxd7
15. Bb2 c4 16. bxc4 Bc5+ 17. Kh1 b3 18. Qc3 Bd4 19. Qxb3 Rab8 20. Qa3 Bxb2 21.
Nxb2 Qd4 22. Nd1 Rd7 23. Qc3 Qd6 24. c5 Qe7 25. Ne3 Rdb7 26. Qa5 1-0

[Event "SR 2. liga A 2011/2012"]
[Site "?"]
[Date "2012.02.26"]
[Round "66.5"]
[White "Lopatievov, Alexander"]
[Black "Kundrak, Vladimir"]
[Result "1-0"]
[WhiteElo "1925"]
[BlackElo "1957"]
[PlyCount "76"]
[EventDate "2011.??.??"]
[WhiteTeam "Slovakia"]
[BlackTeam "Slovakia"]
[WhiteTeamCountry "SVK"]
[BlackTeamCountry "SVK"]

1. b4 c6 2. Bb2 Qb6 3. a3 a5 4. c3 d5 5. e3 Nf6 6. Qc2 g6 7. Nf3 Bf5 8. d3 Bg7
9. Nd4 Nbd7 10. Nd2 O-O 11. Nxf5 gxf5 12. d4 e6 13. c4 axb4 14. c5 Qc7 15. axb4
b5 16. Be2 Ne4 17. Nb3 Kh8 18. f3 Nef6 19. O-O Bh6 20. Qd3 Rg8 21. Rxa8 Rxa8
22. Ra1 Rxa1+ 23. Bxa1 Nb8 24. Na5 Qa7 25. Bc3 Qa6 26. g3 Qc8 27. Bf1 Qc7 28.
Bg2 Nh5 29. Kf2 Nf6 30. Qe2 Qd7 31. e4 fxe4 32. fxe4 dxe4 33. d5 Bg7 34. Bxf6
Bxf6 35. Qxe4 exd5 36. Qf4 Bd8 37. Qxb8 Qf5+ 38. Bf3 Qf6 1-0

[Event "SR 2. liga A 2011/2012"]
[Site "?"]
[Date "2012.02.26"]
[Round "66.6"]
[White "Sustak, Roman"]
[Black "Mackovic, Miroslav"]
[Result "0-1"]
[WhiteElo "1971"]
[BlackElo "1911"]
[PlyCount "134"]
[EventDate "2011.??.??"]
[WhiteTeam "Slovakia"]
[BlackTeam "Slovakia"]
[WhiteTeamCountry "SVK"]
[BlackTeamCountry "SVK"]

1. d4 Nf6 2. c4 g6 3. Nf3 Bg7 4. g3 O-O 5. Bg2 d6 6. O-O Nc6 7. Nc3 a6 8. Bg5
h6 9. Bf4 Nd7 10. Qd2 Kh7 11. Rad1 e5 12. dxe5 dxe5 13. Be3 f5 14. a3 Na5 15.
c5 Nc4 16. Qc1 Nxe3 17. Qxe3 e4 18. Nd4 Re8 19. b4 c6 20. Na4 Qe7 21. Qb3 Be5
22. f4 Bc7 23. Nb2 Nf6 24. e3 Nd5 25. Rd2 Rf8 26. Nc4 Bd7 27. Rfd1 Rfd8 28. Ne2
Be6 29. Qc2 Bg8 30. Rd4 a5 31. Qd2 axb4 32. axb4 Ra7 33. Nc3 Rda8 34. Bf1 Be6
35. Nb2 Nxc3 36. Qxc3 b5 37. R1d2 Ra3 38. Qc2 Rd8 39. Qc1 Rxd4 40. Rxd4 Ra8 41.
Qd2 g5 42. Nd1 gxf4 43. exf4 Qg7 44. Bg2 Ra2 45. Nb2 Bd5 46. Bh3 Qf7 47. Qc1
Qf6 48. Rd2 e3 49. Rc2 Qd4 50. Bxf5+ Kh8 51. Nd3 Ra1 52. Kf1 Rxc1+ 53. Rxc1 Be4
54. Bxe4 Qxe4 55. Ke2 Bd8 56. Ra1 Bf6 57. Ra8+ Kg7 58. Ra7+ Kg6 59. Rd7 Bc3 60.
Rd6+ Kg7 61. Rd7+ Kf8 62. Rd6 Bd2 63. Ne5 Qg2+ 64. Kd3 Qf1+ 65. Ke4 e2 66. Kf5
e1=Q 67. Rf6+ Kg7 0-1

[Event "SR 2. liga A 2011/2012"]
[Site "?"]
[Date "2012.02.26"]
[Round "66.7"]
[White "Kozinka, Jan"]
[Black "Karlik, Lukas"]
[Result "0-1"]
[WhiteElo "1909"]
[BlackElo "1871"]
[PlyCount "48"]
[EventDate "2011.??.??"]
[WhiteTeam "Slovakia"]
[BlackTeam "Slovakia"]
[WhiteTeamCountry "SVK"]
[BlackTeamCountry "SVK"]

1. e4 d5 2. exd5 Nf6 3. c4 e6 4. dxe6 Bxe6 5. Nf3 Nc6 6. d4 Qe7 7. Be2 Bxc4 8.
O-O Bxe2 9. Qa4 Bxf1 10. Kxf1 O-O-O 11. Be3 Qb4 12. Qc2 Qb5+ 13. Kg1 Nb4 14.
Qb3 Qd5 15. Qa4 Qc6 16. Nc3 Qxa4 17. Nxa4 Nc2 18. Rc1 Nxe3 19. fxe3 Bd6 20. h3
Rhe8 21. Re1 Ne4 22. b3 Bb4 23. Re2 Ng3 24. Kf2 Nxe2 0-1

[Event "SR 2. liga A 2011/2012"]
[Site "?"]
[Date "2012.02.26"]
[Round "66.8"]
[White "Soldan, Jan"]
[Black "Lezovic, Martin"]
[Result "1-0"]
[WhiteElo "1834"]
[BlackElo "1658"]
[PlyCount "65"]
[EventDate "2011.??.??"]
[WhiteTeam "Slovakia"]
[BlackTeam "Slovakia"]
[WhiteTeamCountry "SVK"]
[BlackTeamCountry "SVK"]

1. e4 e5 2. Nf3 Nc6 3. Bc4 Be7 4. c3 Nf6 5. d3 d6 6. h3 O-O 7. Be3 Na5 8. Bb3
h6 9. Bc2 c5 10. O-O Nc6 11. d4 b6 12. d5 Na5 13. Nbd2 Nxe4 14. Nxe4 f5 15. Ng3
f4 16. Qd3 Bf6 17. Qh7+ Kf7 18. Qg6+ Ke7 19. Bxf4 exf4 20. Nf5+ Bxf5 21. Bxf5
Nc4 22. Rfe1+ Ne5 23. Nxe5 dxe5 24. Rxe5+ Kd6 25. Re6+ Kc7 26. d6+ Kc6 27. Rae1
Rb8 28. d7+ Kc7 29. Re8 Ra8 30. Rxd8 Raxd8 31. Re8 Kc6 32. Rxf8 Rxf8 33. Qe8
1-0

[Event "SR 2. liga A 2012/2013"]
[Site "?"]
[Date "2012.10.13"]
[Round "1.1"]
[White "Janos, Martin"]
[Black "Smolen, Jan"]
[Result "0-1"]
[WhiteElo "2230"]
[BlackElo "2361"]
[PlyCount "156"]
[EventDate "2012.??.??"]
[WhiteTeam "DP BA"]
[BlackTeam "DNV A"]

1. e4 e6 2. d4 d5 3. Nc3 Nf6 4. Bg5 dxe4 5. Nxe4 Be7 6. Nxf6+ Bxf6 7. Bxf6 Qxf6
8. Nf3 O-O 9. c3 b6 10. Be2 Bb7 11. O-O Nd7 12. Qa4 Rfd8 13. Rfe1 Qg6 14. Nh4
Qf6 15. Bf3 c6 16. d5 cxd5 17. Be2 Nc5 18. Qg4 d4 19. Bf3 dxc3 20. bxc3 Qxc3
21. Bxb7 Nxb7 22. Rac1 Qd4 23. Qg3 Nc5 24. Nf3 Qd6 25. Qg5 Qd5 26. Qe3 Qxa2 27.
Rc3 Qd5 28. h4 Rd6 29. Rec1 Rad8 30. Kh2 h6 31. Rc4 Qd3 32. Qf4 Qf5 33. Qe3 Rd3
34. Qe2 R3d5 35. R1c3 e5 36. Rc2 e4 37. Ng1 Rd2 38. Qe3 R2d3 39. Qe2 Qe5+ 40.
g3 e3 41. fxe3 Qxe3 42. Qxe3 Rxe3 43. Kg2 Red3 44. Nf3 Kf8 45. Kf2 R8d6 46. Rf4
Ne6 47. Rf5 g6 48. Rc8+ Kg7 49. Re5 Nd4 50. Nxd4 R3xd4 51. Rc7 Rd7 52. Rc3 Rd3
53. Rc4 R7d5 54. Re7 Rf5+ 55. Kg2 Rd2+ 56. Kh3 h5 57. Rc1 Rff2 58. Rh1 a5 59.
Rb7 Rb2 60. Ra7 Ra2 61. Rb7 Rfb2 62. Re7 a4 63. Re3 Re2 64. Rd3 f5 65. Rd7+ Kf6
66. Rb7 Rab2 67. Ra7 b5 68. Ra6+ Kg7 69. Ra7+ Kh6 70. Ra5 f4 71. Ra7 Rb3 72.
Rg1 Ree3 73. Rb7 Rxg3+ 74. Rxg3 Rxg3+ 75. Kh2 Rb3 76. Kg2 a3 77. Kf2 b4 78. Ke2
a2 0-1

[Event "SR 2. liga A 2012/2013"]
[Site "?"]
[Date "2012.10.13"]
[Round "1.3"]
[White "Kleman, Miroslav"]
[Black "Peitl, Tomas"]
[Result "0-1"]
[WhiteElo "2187"]
[BlackElo "2220"]
[PlyCount "110"]
[EventDate "2012.??.??"]
[WhiteTeam "DP BA"]
[BlackTeam "DNV A"]

1. g3 e5 2. Bg2 Nf6 3. d3 Bc5 4. e3 O-O 5. Ne2 d6 6. Nd2 Nc6 7. O-O Bg4 8. h3
Bh5 9. g4 Bg6 10. Ng3 d5 11. Kh2 Ne8 12. f4 exf4 13. exf4 f6 14. Nf3 Nd6 15. f5
Bf7 16. Bf4 Re8 17. Qd2 Qd7 18. h4 h5 19. g5 Nxf5 20. gxf6 Ne3 21. fxg7 Qg4 22.
Bxc7 Nd4 23. Nxd4 Qxh4+ 24. Bh3 Bxd4 25. Rf4 Ng4+ 26. Kg2 Be3 27. Qb4 Bxf4 28.
Qxf4 Rac8 29. c3 Ne3+ 30. Kh2 Ng4+ 31. Kg2 Be6 32. Bxg4 Qxg4 33. Rh1 Qxf4 34.
Bxf4 Bg4 35. Nxh5 Bxh5 36. Rxh5 Kxg7 37. Kf3 Rcd8 38. d4 Re1 39. Be5+ Kg6 40.
Rh2 Rf8+ 41. Kg3 Rg1+ 42. Rg2 Rff1 43. Bd6 Kf5 44. a4 Ke4 45. Rxg1 Rxg1+ 46.
Kf2 Rb1 47. Ba3 Kd3 48. Kf3 Rf1+ 49. Kg2 Rf6 50. a5 Kc2 51. Kg3 Ra6 52. Bb4
Kxb2 53. Kf4 Kb3 54. Ke5 Kc4 55. Kf5 b6 0-1

[Event "SR 2. liga A 2012/2013"]
[Site "?"]
[Date "2012.10.13"]
[Round "1.4"]
[White "Oprea, Erik"]
[Black "Janos, Jozef"]
[Result "1/2-1/2"]
[WhiteElo "2125"]
[BlackElo "2152"]
[PlyCount "84"]
[EventDate "2012.??.??"]
[WhiteTeam "DNV A"]
[BlackTeam "DP BA"]

1. e4 c5 2. Nf3 d6 3. d4 cxd4 4. Nxd4 Nf6 5. Nc3 a6 6. Be2 e6 7. Be3 b5 8. Bf3
e5 9. Nb3 Be6 10. Nd5 Nbd7 11. a4 Bxd5 12. exd5 b4 13. a5 Be7 14. O-O O-O 15.
Ra4 Rb8 16. Be2 Qc8 17. Qd3 Rb5 18. Qc4 Nc5 19. Rxb4 Rxb4 20. Qxb4 Nxd5 21. Qd2
Nxe3 22. Qxe3 Ne6 23. Qd2 Qc6 24. Rd1 Rc8 25. c4 Qa4 26. Na1 Nd4 27. Bf1 Rb8
28. b3 Qa3 29. Nc2 Nxc2 30. Qxc2 Qxa5 31. c5 Qxc5 32. Bc4 a5 33. Qf5 Bf6 34.
Qd7 Rf8 35. Rxd6 e4 36. Rc6 Qe7 37. Qxe7 Bxe7 38. Kf1 Bb4 39. Bd5 Rd8 40. Bxe4
Rd1+ 41. Ke2 Re1+ 42. Kf3 g6 1/2-1/2

[Event "SR 2. liga A 2012/2013"]
[Site "?"]
[Date "2012.10.13"]
[Round "1.5"]
[White "Tepper, Frantisek"]
[Black "Hricak, Vasil"]
[Result "1/2-1/2"]
[WhiteElo "2162"]
[BlackElo "2124"]
[PlyCount "31"]
[EventDate "2012.??.??"]
[WhiteTeam "DP BA"]
[BlackTeam "DNV A"]

1. e4 d6 2. d4 Nf6 3. Nc3 e5 4. dxe5 dxe5 5. Qxd8+ Kxd8 6. Nf3 Bd6 7. Bg5 Be6
8. Bh4 h6 9. O-O-O Ke7 10. Nd5+ Bxd5 11. exd5 Nbd7 12. Bc4 Rhe8 13. Rhe1 Kf8
14. Bg3 a6 15. Bb3 Nh5 16. Nh4 1/2-1/2

[Event "SR 2. liga A 2012/2013"]
[Site "?"]
[Date "2012.10.13"]
[Round "1.7"]
[White "Mikulas, Dusan"]
[Black "Prikler, Bruno"]
[Result "1-0"]
[WhiteElo "2102"]
[BlackElo "2092"]
[PlyCount "103"]
[EventDate "2012.??.??"]
[WhiteTeam "DP BA"]
[BlackTeam "DNV A"]

1. e4 d6 2. d4 e5 3. Nf3 Nd7 4. Bc4 exd4 5. Nxd4 Ne5 6. Be2 Nf6 7. Nc3 Be7 8.
f4 Nc6 9. Be3 a6 10. Bf3 Nxd4 11. Bxd4 c5 12. Be3 Qc7 13. Qe2 Rb8 14. O-O O-O
15. g4 h6 16. h4 Qd7 17. f5 Nh7 18. Rad1 b6 19. Qh2 Bb7 20. Bf4 Rbd8 21. Nd5
Bxd5 22. Rxd5 Qa4 23. a3 Nf6 24. Rdd1 Rfe8 25. g5 Nxe4 26. b3 Qc6 27. c4 Bf8
28. gxh6 Qc8 29. hxg7 Bxg7 30. Bg4 Nf6 31. Bh3 Qb7 32. Bg2 Qe7 33. Kh1 Qe2 34.
Bf3 Qxh2+ 35. Kxh2 Kh7 36. Rd3 Nd7 37. Bh5 Ne5 38. Rd5 b5 39. Kh3 bxc4 40. bxc4
Rd7 41. Rfd1 Nxc4 42. Rxc5 Re4 43. Bg3 Rb7 44. Bf3 dxc5 45. Bxe4 Re7 46. Bd3
Rd7 47. f6+ Rxd3 48. Rxd3 Bxf6 49. Bf2 Ne5 50. Rd6 Kg7 51. Bxc5 Nf3 52. Rxa6
1-0

[Event "SR 2. liga A 2012/2013"]
[Site "?"]
[Date "2012.10.13"]
[Round "1.8"]
[White "Karas, Marek"]
[Black "Kolman, Richard"]
[Result "1/2-1/2"]
[WhiteElo "1951"]
[BlackElo "2067"]
[PlyCount "20"]
[EventDate "2012.??.??"]
[WhiteTeam "DNV A"]
[BlackTeam "DP BA"]

1. d4 d5 2. Nf3 Nf6 3. c4 dxc4 4. e3 Bg4 5. Bxc4 e6 6. O-O Nbd7 7. Nc3 a6 8.
Be2 c5 9. dxc5 Nxc5 10. Nd4 Bxe2 1/2-1/2

[Event "SR 2. liga A 2012/2013"]
[Site "?"]
[Date "2012.10.13"]
[Round "2.1"]
[White "Rohacek, Miroslav"]
[Black "Sipos, Istvan"]
[Result "0-1"]
[WhiteElo "2308"]
[BlackElo "2459"]
[PlyCount "86"]
[EventDate "2012.??.??"]
[WhiteTeam "KSN"]
[BlackTeam "Gabcikovo"]

1. d4 Nf6 2. c4 e6 3. Nc3 Bb4 4. e3 O-O 5. Bd3 d5 6. Nf3 c5 7. a3 cxd4 8. axb4
dxc3 9. bxc3 dxc4 10. Bxc4 Qxd1+ 11. Kxd1 Ne4 12. Kc2 Nxf2 13. Rf1 Ne4 14. Bd3
Nf6 15. e4 b6 16. Bf4 Bb7 17. Bd6 Rc8 18. Rae1 h6 19. Be5 Nc6 20. Kb2 Rd8 21.
Bxf6 Rxd3 22. Bh4 f6 23. b5 Na5 24. Kc2 Rd7 25. e5 g5 26. Bf2 f5 27. Bd4 Rc8
28. Rd1 Be4+ 29. Kd2 Rc5 30. Ke3 Rxb5 31. Nd2 Bxg2 32. Rg1 Bd5 33. Kd3 Rb2 34.
c4 Nxc4 35. Nxc4 Rb3+ 36. Bc3 Be4+ 37. Ke2 Rxd1 38. Rxd1 Rxc3 39. Rd8+ Kg7 40.
Nd6 Rc2+ 41. Ke3 Rc5 42. h4 Rxe5 43. h5 Bc6+ 0-1

[Event "SR 2. liga A 2012/2013"]
[Site "?"]
[Date "2012.10.13"]
[Round "2.2"]
[White "Berczes, Csaba"]
[Black "Machalova, Veronika"]
[Result "1-0"]
[WhiteElo "2388"]
[BlackElo "2211"]
[PlyCount "97"]
[EventDate "2012.??.??"]
[WhiteTeam "Gabcikovo"]
[BlackTeam "KSN"]

1. Nf3 Nf6 2. g3 g6 3. b3 Bg7 4. Bb2 b6 5. Bg2 Bb7 6. c4 d6 7. d4 Nbd7 8. O-O
O-O 9. Nc3 e6 10. Qc2 c5 11. Rad1 Qe7 12. Rd2 Rfd8 13. e4 Rac8 14. d5 e5 15.
Ne1 Rf8 16. Re2 Nh5 17. Bh3 Rce8 18. a3 Bc8 19. b4 Nb8 20. Bg2 Bh6 21. Nd3 Bg7
22. Ree1 Bd7 23. Bc1 Bc8 24. Bd2 f5 25. f4 exf4 26. Nxf4 Nxf4 27. Bxf4 Be5 28.
Bh6 Rf7 29. Qc1 cxb4 30. axb4 Qc7 31. Nb5 Qd7 32. exf5 gxf5 33. Qd2 Qe7 34. Bg5
Qf8 35. Nd4 Qg7 36. Nf3 Bd7 37. Nxe5 Rxe5 38. Bf4 Rxe1 39. Rxe1 Qf6 40. c5 bxc5
41. bxc5 Na6 42. Bxd6 f4 43. Qxf4 Qxf4 44. gxf4 Nxc5 45. Bxc5 Rxf4 46. Bxa7 Ba4
47. Bf2 Kf7 48. Bc5 Bb5 49. Rb1 1-0